[Event "AUTO-INT-3861"]
[Site "http://www.queenalice.com/game.php?id=1828970"]
[Date "2024.1.11"]
[Round "1"]
[White "Givanildo"]
[Black "Piondanslevent"]
[Result "1-0"]
[WhiteElo "1676"]
[BlackElo "1646"]

1. d4 b5 2. Bf4 d5 3. e3 c6 4. b4 a5 5. c3 Nf6 6. h3 e6 7. a3 Bd6 8. a4 Bxf4 9.
exf4 Nbd7 10. axb5 O-O 11. bxc6 Nb6 12. bxa5 Nc4 13. Ra2 Qc7 14. Bxc4 dxc4 15.
Nf3 Qxc6 16. O-O Bb7 17. Nbd2 Nd5 18. Ne5 Qc7 19. Qc2 Nxf4 20. Ndf3 f6 21. Ng4
Rxa5 22. Rfa1 Rxa2 23. Rxa2 g6 24. Nh4 g5 25. Nf3 f5 26. Nge5 Be4 27. Qd2 h6 28.
Ra6 Rf6 29. Rc6 Bxc6 30. h4 g4 31. Qxf4 Kg7 32. Ng5 Qd6 33. f3 Ba4 34. Qe3 h5
35. Nxc4 f4 36. Qd3 Qd5 37. Qh7+ Kf8 38. Qh8+ Ke7 39. Qg7+ Kd8 40. Qxf6+ Kc7 41.
Nxe6+ Kb7 42. Nd8+ Kc7 43. Ne6+ Kb7 44. Qe7+ 1-0

[Event "AUTO-INT-3796"]
[Site "http://www.queenalice.com/game.php?id=1830417"]
[Date "2024.1.29"]
[Round "2"]
[White "Equiferus"]
[Black "Piondanslevent"]
[Result "0-1"]
[WhiteElo "1745"]
[BlackElo "1617"]

1. d4 d5 2. e3 b6 3. Nf3 Nc6 4. Be2 a5 5. O-O e6 6. b3 Bd6 7. Bb2 Nf6 8. Nbd2
O-O 9. c4 Nb4 10. a3 Nc6 11. Rc1 dxc4 12. bxc4 Bb7 13. e4 Bf4 14. e5 Nd7 15. Rc2
Bh6 16. Bd3 Ndb8 17. Qe2 Ne7 18. Nh4 Qd7 19. h3 c5 20. Nhf3 cxd4 21. Nxd4 Nbc6
22. N2f3 Nxd4 23. Nxd4 Bf4 24. g3 Bh6 25. c5 bxc5 26. Rxc5 Nd5 27. Qe4 g6 28.
Qh4 Bg7 29. f4 a4 30. Bb5 Qd8 31. Qxd8 Rfxd8 32. Rf3 Nb6 33. Rc7 Bxf3 34. Nxf3
Rd5 35. Be2 h5 36. Kf2 Rc8 37. Rb7 Nc4 38. Bc1 Bf8 39. Ra7 Bc5+ 40. Be3 Bxe3+
41. Ke1 Bxa7 0-1

[Event "AUTO-INT-3796"]
[Site "http://www.queenalice.com/game.php?id=1830418"]
[Date "2024.1.29"]
[Round "2"]
[White "Piondanslevent"]
[Black "Equiferus"]
[Result "1-0"]
[WhiteElo "1596"]
[BlackElo "1768"]

1. d4 d5 2. b3 e6 3. e3 Nf6 4. Nf3 Be7 5. Be2 O-O 6. O-O c5 7. c3 Bd7 8. a3 b5
9. Ne5 c4 10. Nd2 Nc6 11. Ndf3 Nxe5 12. Nxe5 Qa5 13. bxc4 Qxc3 14. Bd2 Qxa1 15.
Qxa1 bxc4 16. Nxd7 Nxd7 17. Bb4 Bxb4 18. axb4 a6 19. Qa4 Rfd8 20. f4 f5 21. Qc6
Kf7 22. Bxc4 dxc4 23. Qxc4 Nb6 24. Qc7+ Nd7 25. Rb1 Kf6 26. h4 h5 27. Kf2 Rac8
28. Qd6 Ra8 29. d5 Nf8 30. Qe5+ Kf7 31. dxe6+ Nxe6 32. Qxf5+ Ke7 33. Qxh5 Rd2+
34. Kf3 Rad8 35. f5 R8d5 36. Qg6 1-0

[Event "AUTO-INT-3796"]
[Site "http://www.queenalice.com/game.php?id=1830421"]
[Date "2024.1.29"]
[Round "2"]
[White "Piondanslevent"]
[Black "jogador58"]
[Result "0-1"]
[WhiteElo "1587"]
[BlackElo "2213"]

1. c4 Nf6 2. d4 g6 3. d5 Bg7 4. Nf3 O-O 5. Nc3 c6 6. e3 d6 7. dxc6 Nxc6 8. a3 a6
9. Bd3 e6 10. b4 d5 11. c5 Ne4 12. Bxe4 Bxc3+ 13. Bd2 Bxa1 14. Bc2 Bg7 15. O-O
b6 16. Qe2 bxc5 17. bxc5 a5 18. Qd3 Ba6 19. Qb3 Bxf1 20. Kxf1 Rb8 21. Qd3 Qe7
22. Bc3 Bxc3 23. Qxc3 Rfc8 24. Nd4 e5 25. Nxc6 Rxc6 26. g3 Rxc5 27. Qd3 Qc7 28.
Ba4 Rc1+ 29. Kg2 Qc4 30. Qxc4 Rxc4 31. Bd7 Rb2 32. a4 Rcc2 0-1

[Event "AUTO-INT-3796"]
[Site "http://www.queenalice.com/game.php?id=1830422"]
[Date "2024.1.29"]
[Round "2"]
[White "jogador58"]
[Black "Piondanslevent"]
[Result "1-0"]
[WhiteElo "2211"]
[BlackElo "1589"]

1. d4 e6 2. e4 c6 3. c3 b5 4. Nf3 d6 5. Bd3 Nf6 6. a4 a6 7. axb5 cxb5 8. Bxb5+
Nfd7 9. Bd3 Be7 10. O-O Bb7 11. Qe2 a5 12. Bf4 Nc6 13. Nbd2 O-O 14. d5 e5 15.
dxc6 Bxc6 16. Bg3 Bf6 17. Nc4 Nc5 18. Bc2 a4 19. Rfd1 Qc7 20. Nxd6 Rad8 21. Nf5
Rd7 22. Rxd7 Qxd7 23. Rd1 Qc7 24. N5d4 Qb7 25. Nxc6 Qxc6 26. Nxe5 Qe6 27. Ng4 g6
28. Nxf6+ Qxf6 29. Bd6 Nb7 30. Bxf8 Kxf8 31. Qc4 h5 32. Qc8+ 1-0

[Event "AUTO-INT-3864"]
[Site "http://www.queenalice.com/game.php?id=1830529"]
[Date "2024.1.30"]
[Round "1"]
[White "Piondanslevent"]
[Black "tche_elvio"]
[Result "1-0"]
[WhiteElo "1620"]
[BlackElo "1485"]

1. d4 Nf6 2. c4 g6 3. e3 Bg7 4. Nf3 d6 5. b4 O-O 6. Bd3 c6 7. O-O b6 8. a4 Bb7
9. Bb2 Nfd7 10. Nbd2 c5 11. bxc5 dxc5 12. Ne4 Na6 13. Qd2 Nb4 14. Be2 cxd4 15.
Qxb4 e5 16. Nd6 Nc5 17. Nxb7 Nxb7 18. exd4 exd4 19. Rfd1 a5 20. Qd2 Nc5 21. Qc2
Na6 22. Bxd4 Nb4 23. Qc3 Bxd4 24. Rxd4 Qc7 25. Ng5 Rad8 26. Ne4 Rxd4 27. Qxd4
Nc2 28. Qc3 Nxa1 29. Qxa1 h5 30. Nf6+ Kh8 31. Nd5+ Kh7 32. Nxc7 f5 33. f4 Rf7
34. Nd5 Kh6 35. Nxb6 g5 36. Qe5 g4 37. Bd3 Kg6 38. c5 1-0

[Event "AUTO-INT-3864"]
[Site "http://www.queenalice.com/game.php?id=1830530"]
[Date "2024.1.30"]
[Round "1"]
[White "tche_elvio"]
[Black "Piondanslevent"]
[Result "1-0"]
[WhiteElo "1474"]
[BlackElo "1629"]

1. e4 c6 2. Nf3 b5 3. d4 d6 4. Bd3 e6 5. O-O Bb7 6. Be3 Nf6 7. Nbd2 Be7 8. h3
Qc7 9. c4 bxc4 10. Nxc4 Nbd7 11. Bf4 Qb8 12. e5 dxe5 13. Ncxe5 O-O 14. Nxd7 Qxf4
15. Nxf8 Bxf8 16. a3 c5 17. dxc5 Bxc5 18. b4 Bb6 19. Qc1 Qd6 20. Rd1 Nd5 21. Be4
Rc8 22. Qd2 Bc7 23. Rac1 g6 24. g3 Kg7 25. Qd4+ f6 26. Qc5 Bb8 27. Qxd6 Bxd6 28.
Rxc8 Bxc8 29. Bxd5 exd5 30. Rxd5 Be7 31. Nd4 Kf7 32. Nc6 Ke6 33. Nxe7 Kxe7 34.
h4 Ke6 35. Rc5 a6 36. Rxc8 h5 37. Rc6+ 1-0

[Event "AUTO-INT-3864"]
[Site "http://www.queenalice.com/game.php?id=1830531"]
[Date "2024.1.30"]
[Round "1"]
[White "Piondanslevent"]
[Black "SGF"]
[Result "1/2-1/2"]
[WhiteElo "1585"]
[BlackElo "1779"]

1. d4 e6 2. e4 Qf6 3. Nf3 Be7 4. e5 Qg6 5. g3 d5 6. b3 Bb4+ 7. Bd2 Bxd2+ 8. Qxd2
Ne7 9. Bh3 a5 10. O-O h5 11. a4 h4 12. Qg5 hxg3 13. Qxg6 gxh2+ 14. Kxh2 Nxg6 15.
Kg3 Nc6 16. c3 Bd7 17. Rh1 O-O-O 18. Ng5 Rdf8 19. Nd2 f6 20. exf6 gxf6 21. Nxe6
Rfg8 22. Bg4 Bxe6 23. Bxe6+ Kb8 24. Bxg8 Rxg8 25. Kg4 Nge5+ 26. Kf5 Nd3 27. Kxf6
Nxf2 28. Rh7 Ne4+ 29. Kf7 Rg3 30. Nxe4 dxe4 31. d5 Ne5+ 32. Kf6 Ng4+ 33. Kf5 Nf2
34. Re1 Rf3+ 35. Ke6 Rxc3 36. Rh2 e3 37. Rb1 Rc2 38. Rg2 Rd2 39. b4 Rd1 40. Rxd1
Nxd1 41. bxa5 Nc3 42. d6 cxd6 43. Kxd6 e2 44. Rg1 Nxa4 45. Re1 Nc3 46. Ke5 b5
47. Kd4 b4 48. Kc4 Na2 49. Rxe2 b3 50. Kxb3 Nc1+ 51. Kb4 Nxe2 52. Kb5 Kb7 53.
a6+ Ka7 54. Ka5 Nd4 55. Kb4 Kxa6 56. Kc4 Ne6 57. Kd5 1/2-1/2

[Event "AUTO-INT-3864"]
[Site "http://www.queenalice.com/game.php?id=1830532"]
[Date "2024.1.30"]
[Round "1"]
[White "SGF"]
[Black "Piondanslevent"]
[Result "1-0"]
[WhiteElo "1658"]
[BlackElo "1646"]

1. e4 e5 2. Qf3 Nf6 3. d3 c5 4. Be2 Be7 5. Qg3 O-O 6. Bh6 g6 7. Bxf8 Bxf8 8. h4
d6 9. Nc3 a6 10. Nd5 Nxd5 11. exd5 b5 12. h5 Nd7 13. hxg6 fxg6 14. Bh5 Kf7 15.
Qf3+ Nf6 16. g4 Kg7 17. Ne2 Qd7 18. g5 Nxh5 19. Ng3 Bb7 20. Nxh5+ gxh5 21. Rxh5
Kg6 22. O-O-O Be7 23. Rg1 Rf8 24. Qe4+ Rf5 25. Rh6+ Kg7 26. g6 hxg6 27. Rhxg6+
Kf7 28. Rg7+ Ke8 29. Rh1 Rxf2 30. Rh8+ Rf8 31. Qg6+ Kd8 32. Rxf8+ Kc7 33. Rff7
Qh3 34. Rxe7+ 1-0

[Event "Challenge"]
[Site "http://www.queenalice.com/game.php?id=1831980"]
[Date "2024.2.21"]
[Round "-"]
[White "AdilsonGomes"]
[Black "Piondanslevent"]
[Result "1-0"]
[WhiteElo "1717"]
[BlackElo "1701"]

1. e4 c5 2. c3 e5 3. Nf3 d6 4. d4 exd4 5. cxd4 Nf6 6. Ng5 cxd4 7. Qa4+ Nc6 8.
Qc4 Be6 9. Nxe6 Qe7 10. Nxf8 Qxf8 11. Bd3 Qe7 12. Bg5 O-O 13. f3 Rac8 14. Bxf6
Qxf6 15. Qb3 b6 16. Na3 Ne5 17. O-O Rc7 18. Nb5 Rb7 19. Qd5 Rd7 20. Rac1 Nxd3
21. Nxd4 Nxc1 22. Rxc1 a5 23. Rc6 Qf4 24. Ne2 Qe3+ 25. Kf1 Rfd8 26. Ng3 g6 27.
Nh1 Kf8 28. Nf2 h5 29. h4 Ke7 30. Nd1 Qf4 31. Rxb6 Qxh4 32. Nf2 Rc8 33. Qxa5
Rc1+ 34. Ke2 Rdc7 35. Nd3 R7c2+ 36. Ke3 Rg1 37. Qa7+ Ke6 38. Nf4+ Kf6 39. Rxd6+
Kg5 40. Qe7+ 1-0

[Event "Challenge"]
[Site "http://www.queenalice.com/game.php?id=1831981"]
[Date "2024.2.21"]
[Round "-"]
[White "Piondanslevent"]
[Black "AdilsonGomes"]
[Result "1-0"]
[WhiteElo "1638"]
[BlackElo "1770"]

1. d4 d6 2. Nf3 Nf6 3. g3 e5 4. dxe5 Nfd7 5. exd6 Bxd6 6. Bg2 O-O 7. Nc3 Nf6 8.
Bg5 Re8 9. Nd5 h6 10. Nxf6+ gxf6 11. Bxh6 Be5 12. c3 Nc6 13. O-O Qe7 14. Qd5 Be6
15. Qd3 Rad8 16. Qe4 f5 17. Qh4 Bf6 18. Bg5 Bxg5 19. Nxg5 f6 20. Bxc6 bxc6 21.
Nf3 Qh7 22. Qxf6 Qg7 23. Qg5 Qxg5 24. Nxg5 Bc4 25. Rfe1 Rd2 26. b4 Rexe2 27. Nf3
Rxe1+ 28. Rxe1 Kf8 29. Nxd2 Bxa2 30. Re5 1-0

[Event "AUTO-INT-3869"]
[Site "http://www.queenalice.com/game.php?id=1832747"]
[Date "2024.3.4"]
[Round "1"]
[White "altair"]
[Black "Piondanslevent"]
[Result "1-0"]
[WhiteElo "1718"]
[BlackElo "1705"]

1. e4 c5 2. Nf3 d6 3. h3 e5 4. Nc3 a6 5. Be2 b5 6. O-O b4 7. Bc4 bxc3 8. dxc3
Bb7 9. Qe2 Nf6 10. Nd2 Qc7 11. Nf3 Bxe4 12. Ng5 d5 13. Bb3 Nc6 14. Nxe4 dxe4 15.
c4 Nd4 16. Qe3 Be7 17. Ba4+ Nc6 18. c3 O-O 19. Bc2 Na5 20. b3 Qc6 21. Re1 Qc7
22. Bxe4 Rab8 23. Qg3 Bd6 24. Bh6 Nh5 25. Qg4 g6 26. Bxf8 Bxf8 27. Bd5 Qe7 28.
Qe4 Re8 29. b4 cxb4 30. cxb4 Qxb4 31. Qf3 Qb7 32. Bxb7 Nxc4 33. Qd5 Nd6 34. Bxa6
Kg7 35. Rxe5 Rxe5 36. Qxe5+ f6 37. Qe6 Nf4 38. Qd7+ Nf7 39. Bc4 1-0

[Event "AUTO-INT-3869"]
[Site "http://www.queenalice.com/game.php?id=1832748"]
[Date "2024.3.4"]
[Round "1"]
[White "Piondanslevent"]
[Black "altair"]
[Result "1-0"]
[WhiteElo "1686"]
[BlackElo "1754"]

1. d4 d5 2. b3 Nc6 3. c3 h6 4. e3 a6 5. c4 Nf6 6. c5 e5 7. dxe5 Nxe5 8. b4 b6 9.
Ba3 bxc5 10. bxc5 Nfd7 11. Qc2 g6 12. Be2 Bxc5 13. Bxc5 c6 14. Nf3 Ng4 15. Bd4
Ngf6 16. Qxc6 Bb7 17. Qxb7 O-O 18. Ne5 Qe7 19. Nxd7 Nxd7 20. Qxd5 Rad8 21. Qb3
Nb8 22. O-O Nc6 23. Qc4 Nb8 24. Rd1 Rc8 25. Qa4 Qe6 26. Bb2 Rfd8 27. Nc3 Nd7 28.
e4 Ne5 29. Rxd8+ Rxd8 30. Qxa6 Qd7 31. Rd1 Qe7 32. Nd5 Qe8 33. Nf6+ 1-0

[Event "AUTO-INT-3869"]
[Site "http://www.queenalice.com/game.php?id=1832763"]
[Date "2024.3.4"]
[Round "1"]
[White "Jomaley"]
[Black "Piondanslevent"]
[Result "0-1"]
[WhiteElo "1581"]
[BlackElo "1689"]

1. e4 c6 2. d3 e5 3. h4 Nf6 4. Bg5 Be7 5. h5 b5 6. Bxf6 Bxf6 7. g4 Na6 8. c3 Bb7
9. Nf3 d5 10. exd5 Qxd5 11. Bg2 Qd6 12. g5 Be7 13. b4 c5 14. bxc5 Qxc5 15. O-O
O-O 16. g6 fxg6 17. hxg6 hxg6 18. d4 exd4 19. cxd4 Qd5 20. Ne5 Qxg2# 0-1

[Event "AUTO-INT-3869"]
[Site "http://www.queenalice.com/game.php?id=1832764"]
[Date "2024.3.4"]
[Round "1"]
[White "Piondanslevent"]
[Black "Jomaley"]
[Result "0-1"]
[WhiteElo "1690"]
[BlackElo "1586"]

1. b4 b5 2. d3 e5 3. e4 Nc6 4. Nf3 Bd6 5. c3 a5 6. bxa5 Rxa5 7. a3 b4 8. Bb2
bxa3 9. Bxa3 Bxa3 10. Rxa3 Rxa3 11. Be2 Ra1 12. O-O f6 13. Qc2 Nh6 14. Qb2 Ra4
15. d4 d6 16. d5 Ne7 17. Bb5+ Bd7 18. Bxa4 Bxa4 19. c4 O-O 20. Nc3 Bd7 21. Ra1
Bg4 22. Nd2 Ng6 23. h3 Bxh3 24. gxh3 Qd7 25. Kg2 Nf4+ 26. Kg1 Qxh3 0-1

[Event "Capixaba789-3"]
[Site "http://www.queenalice.com/game.php?id=1833866"]
[Date "2024.3.20"]
[Round "2"]
[White "Pumpernickel"]
[Black "Piondanslevent"]
[Result "1/2-1/2"]
[WhiteElo "1970"]
[BlackElo "1656"]

1. e4 c6 2. d4 e6 3. c4 a6 4. Nc3 b5 5. cxb5 Be7 6. bxc6 Nxc6 7. Nf3 d6 8. Be2
Nf6 9. O-O Bb7 10. Re1 O-O 11. h3 e5 12. dxe5 Nxe5 13. Nxe5 dxe5 14. Qxd8 Raxd8
15. Be3 a5 16. Red1 Nxe4 17. Nxe4 Bxe4 18. Rxd8 Rxd8 19. Rd1 Bc2 20. Rxd8+ Bxd8
21. a3 g6 22. b4 axb4 23. axb4 Kf8 24. b5 Be4 25. b6 Bb7 26. Bb5 f5 27. Bc5+ Kf7
28. Bc4+ 1/2-1/2

[Event "Let's Play Chess!"]
[Site "http://www.queenalice.com/game.php?id=1834078"]
[Date "2024.3.25"]
[Round "-"]
[White "Piondanslevent"]
[Black "Charles56"]
[Result "0-1"]
[WhiteElo "1670"]
[BlackElo "1729"]

1. d4 d5 2. b3 Bg4 3. Qd3 a6 4. c4 dxc4 5. Qxc4 e6 6. e4 h6 7. Be2 Bxe2 8. Nxe2
Nc6 9. Bb2 Nf6 10. Qd3 Bb4+ 11. Nd2 Bxd2+ 12. Qxd2 Nxe4 13. Qe3 Qd5 14. O-O Nf6
15. Nf4 Qd6 16. Rae1 O-O 17. a3 Rfe8 18. b4 Re7 19. Rd1 Nd5 20. Bc1 Nxe3 21.
Bxe3 Rd8 22. Rd2 e5 23. dxe5 Qxe5 24. Rfd1 Rxd2 25. Bxd2 Nd4 26. g3 g5 27. Nd3
Qd5 28. Ne1 Rxe1+ 29. Rxe1 Nc2 30. Re8+ Kh7 31. Bc3 g4 32. Kf1 Qd3+ 0-1

[Event "Let's Play Chess!"]
[Site "http://www.queenalice.com/game.php?id=1834079"]
[Date "2024.3.25"]
[Round "-"]
[White "Charles56"]
[Black "Piondanslevent"]
[Result "0-1"]
[WhiteElo "1744"]
[BlackElo "1669"]

1. Nc3 e6 2. a3 Nf6 3. h3 Bd6 4. Nf3 O-O 5. e4 Bc5 6. d4 Be7 7. Bd3 d6 8. g4
Nfd7 9. h4 b6 10. g5 c6 11. Qe2 b5 12. Bd2 e5 13. dxe5 dxe5 14. O-O-O a5 15. Kb1
Ba6 16. Na2 Qb6 17. c4 Nc5 18. cxb5 Bxb5 19. Bxb5 Qxb5 20. Qxb5 cxb5 21. Be3
Nbd7 22. Nc3 b4 23. axb4 axb4 24. Nb5 Ra5 25. Bxc5 Nxc5 26. Nc7 Nxe4 27. Rhe1
Bd8 28. Nd5 Nxf2 29. Rd2 e4 30. Rxf2 exf3 31. Nxb4 g6 32. Rxf3 Kg7 33. b3 h6 34.
Kb2 hxg5 35. hxg5 Bxg5 36. Re7 Bxe7 37. Nc6 Ba3+ 38. Ka2 Ra6 39. Nd4 Bc5+ 0-1

[Event "AUTO-INT-3873"]
[Site "http://www.queenalice.com/game.php?id=1834500"]
[Date "2024.4.2"]
[Round "1"]
[White "Piondanslevent"]
[Black "jenyasm"]
[Result "0-1"]
[WhiteElo "1633"]
[BlackElo "1698"]

1. e4 e5 2. g3 Nc6 3. f4 f6 4. f5 d5 5. Bg2 d4 6. d3 Bb4+ 7. Nd2 b6 8. Nf3 Bb7
9. O-O Qe7 10. a3 Bxd2 11. Qxd2 O-O-O 12. c3 Qc5 13. b4 Qxc3 14. Qxc3 dxc3 15.
Ra2 Nd4 16. g4 Rd6 17. Nxd4 exd4 18. e5 fxe5 19. a4 Bxg2 20. Kxg2 Nf6 21. a5
Nxg4 22. h3 Nf6 23. axb6 Rxb6 24. Ba3 Kb7 25. Kg3 e4 26. dxe4 Nxe4+ 27. Kf4 Nd6
28. Ke5 Re8+ 29. Kf4 Nb5 30. Kg5 d3 31. Rf4 d2 32. Rf1 Re3 33. h4 Rc6 0-1

[Event "AUTO-INT-3873"]
[Site "http://www.queenalice.com/game.php?id=1834502"]
[Date "2024.4.2"]
[Round "1"]
[White "Piondanslevent"]
[Black "SGF"]
[Result "0-1"]
[WhiteElo "1651"]
[BlackElo "1834"]

1. b4 e5 2. b5 Qf6 3. e4 d6 4. Bb2 Be7 5. d4 b6 6. Nf3 Bg4 7. dxe5 dxe5 8. Bxe5
Qxe5 9. Nxe5 Bxd1 10. Kxd1 Bf6 11. Nxf7 Kxf7 12. c3 Ne7 13. Bc4+ Ke8 14. g4 Nd7
15. a4 Nc5 16. Nd2 Bxc3 17. f3 Bxa1 18. Ke2 Bc3 19. Nf1 Nxa4 20. h4 h5 21. Nd2
Rd8 22. g5 Rxd2+ 23. Ke3 Rd4 24. Be2 Ng6 25. Rc1 Ke7 26. f4 Nxh4 27. f5 Ng2+ 28.
Kf3 Nh4+ 29. Kg3 Rxe4 30. Ra1 Bxa1 31. Bd3 Rb4 32. Be2 Nxf5+ 33. Kf3 Nd4+ 0-1

[Event "AUTO-INT-3873"]
[Site "http://www.queenalice.com/game.php?id=1834503"]
[Date "2024.4.2"]
[Round "1"]
[White "SGF"]
[Black "Piondanslevent"]
[Result "1-0"]
[WhiteElo "1807"]
[BlackElo "1642"]

1. e4 c5 2. Qf3 Nc6 3. c3 e5 4. Bc4 Nf6 5. d3 Be7 6. Ne2 O-O 7. Qg3 g6 8. h4 d6
9. h5 Kh8 10. hxg6 fxg6 11. Qh4 Nh5 12. Qh2 Qd7 13. Ng3 Qg4 14. Nxh5 gxh5 15.
Qxh5 Qxh5 16. Rxh5 Rf6 17. Bg5 Kg7 18. Bxf6+ Bxf6 19. Nd2 h6 20. O-O-O Kg6 21.
Rdh1 Bg5 22. Kc2 Bg4 23. R5h2 Ne7 24. f3 Bd7 25. g4 b5 26. Bd5 Nxd5 27. exd5 Bc8
28. Ne4 Ba6 29. Nxg5 Kxg5 30. Rxh6 Rf8 31. R1h5+ Kf4 32. Rf5+ Rxf5 33. gxf5 Kxf5
34. Rxd6 Bb7 35. Rd7 1-0